[Event "Krakow Malopolski Cup"]
[Site "Krakow"]
[Date "2022.08.06"]
[Round "5"]
[White "Kuczmik, Pawel"]
[Black "Mackowiak, Szymon"]
[Result "1/2-1/2"]
[WhiteElo "1426"]
[BlackElo "1705"]
[PlyCount "98"]
[EventDate "2022.08.04"]
[EventType "swiss"]
[EventRounds "9"]
[EventCountry "POL"]
[SourceTitle "CBM 209 Extra"]
[Source "ChessBase"]
[SourceDate "2022.09.30"]
[SourceVersion "1"]
[SourceVersionDate "2022.09.30"]
[SourceQuality "1"]

1. e4 c6 2. Nc3 d5 3. Nf3 d4 4. Ne2 c5 5. c3 Nc6 6. Qa4 Bd7 7. Qc2 Bg4 8. cxd4 Bxf3 9. gxf3 cxd4 10. Nf4 e5 11. Bb5 Rc8 12. Nd3 a6 13. Bxc6+ Rxc6 14. Qb3 Qc7 15. Ke2 Nf6 16. a3 Be7 17. Qd1 Nh5 18. b4 0-0 19. Bb2 Rc8 20. Rc1 Qb6 21. Qa4 Bd6 22. Rxc6 Rxc6 23. Rc1 g5 24. Rg1 h6 25. h4 f6 26. hxg5 hxg5 27. Qb3+ Kg7 28. Rh1 Nf4+ 29. Nxf4 exf4 30. Qd5 Qb5+ 31. Qxb5 axb5 32. Bxd4 Rc8 33. Rg1 Kg6 34. Bc3 Ra8 35. Ra1 Rc8 36. Rc1 Rh8 37. Bd4 Ra8 38. Rc3 Rd8 39. Rd3 Bc7 40. Bc3 Rxd3 41. Kxd3 f5 42. Ke2 Kf7 43. d4 fxe4 44. fxe4 g4 45. d5 Bd8 46. Be5 Bg5 47. f3 g3 48. Kf1 Bf6 49. Kg2 Bg5 1/2-1/2